Dharmayoddha kalki (Record no. 221099)

MARC details
000 -LEADER
fixed length control field 01200nam a22002057a 4500
005 - DATE AND TIME OF LATEST TRANSACTION
control field 20220106115934.0
008 - FIXED-LENGTH DATA ELEMENTS--GENERAL INFORMATION
fixed length control field 220106b ||||| |||| 00| 0 eng d
020 ## - INTERNATIONAL STANDARD BOOK NUMBER
International Standard Book Number 9788193503300
040 ## - CATALOGING SOURCE
Transcribing agency AL
041 ## - LANGUAGE CODE
Language code of text/sound track or separate title eng
082 ## - DEWEY DECIMAL CLASSIFICATION NUMBER
Edition number 23
Classification number 820.33
Item number MISD
100 ## - MAIN ENTRY--PERSONAL NAME
Personal name Kevin Missal
9 (RLIN) 12593
245 ## - TITLE STATEMENT
Title Dharmayoddha kalki
Remainder of title Avatar of vishnu
260 ## - PUBLICATION, DISTRIBUTION, ETC.
Place of publication, distribution, etc. New DelhiFinger Print
Name of publisher, distributor, etc. Finger Print
Date of publication, distribution, etc. 2018
300 ## - PHYSICAL DESCRIPTION
Extent 463p
Other physical details PB
Dimensions 19.5x13cm.
365 ## - TRADE PRICE
Price type code 4477
Price amount ₹233.22
Currency code
Unit of pricing ₹299.00
Price note 22%
520 ## - SUMMARY, ETC.
Summary, etc. Born in the quiet village of Shambala, Kalki Hari, son of Vishnuyath and Sumati, has no idea about his heritage until he is pitted against tragedies and battles.Whisked into the province of Keekatpur, which is under the fist of Lord Kali, Kalki sees the ignominy of death trumping life all around him. He learns that he has been born to cleanse the world he lives in for which he must journey to the North and learn the ways of Lord Vishnu’s Avatar; from an immortal who wields an axe.But trapped in the midst of betrayals political intrigue and forces that seek to decimate him, will he be able to follow his destiny before the Kaliyug begins?
650 ## - SUBJECT ADDED ENTRY--TOPICAL TERM
Topical term or geographic name entry element Literature
9 (RLIN) 12594
942 ## - ADDED ENTRY ELEMENTS (KOHA)
Source of classification or shelving scheme Dewey Decimal Classification
Koha item type Book
Holdings
Withdrawn status Lost status Source of classification or shelving scheme Damaged status Not for loan Collection code Home library Current library Date acquired Source of acquisition Cost, normal purchase price Total Checkouts Full call number Barcode Date last seen Date last checked out Cost, replacement price Price effective from Koha item type
    Dewey Decimal Classification     General St Aloysius PG Library St Aloysius PG Library 12/30/2021 Biblios Book Point 232.22 2 820.33 MISD PG023510 12/18/2025 12/08/2025 299.00 01/06/2022 Book